000 00471nam a2200169Ia 4500
999 _c27771
_d27771
003 OSt
005 20201203093350.0
008 190216s9999||||xx |||||||||||||| ||und||
040 _coclc
082 _a894.8123
_bPRE/P
100 _aPremchand
_95683
245 0 _aPratijna /
_cPremchand
260 _bPoorna Publications,
_c1993.
_a Kozhikode:
300 _a179p
650 _aMalayalam Novel
942 _cBK
_2ddc
_h894.8123
_iPRE/P
_k894.8123
_mPRE/P